Arranca el TLC con EEUU: es imperioso entrar en estado de diálogo

שמור ב:
מידע ביבליוגרפי
פורמט: Texto
נושאים:
תגים: הוספת תג
אין תגיות, היה/י הראשונ/ה לתייג את הרשומה!

MARC

LEADER 00000 a a2200000 04500
001 6627
003
040
245 |a Arranca el TLC con EEUU:   |b es imperioso entrar en estado de diálogo  
650 |a TLC  
650 |a NEGOCIACIONES COMERCIALES  
650 |a SUBSIDIOS  
773 |g volumen 23, número 1031; páginas 7-9  
999 |c 23785  |d 23785